000 00958cam a22002774a 4500
001 13828968
003 OSt
005 20150408114147.0
008 041230s2012 onc 000 0 eng
010 _a 2005362064
020 _a1568812272
020 _a9781450314206
035 _a(CaONFJC)ct0301900
040 _aDLC
_cDLC
042 _apcc
082 _222
_a006.6
_bGRI
111 2 _aGraphics Interface (Conference)
_938914
245 1 0 _aGraphics Interface 2012 :
_bproceedings /
_c BROOKS, STEPHEN
260 _a[Mississauga, ON] :
_bCanadian Human-Computer Communications Society, Sc,
_c2012.
300 _av, 279 p. :
_bill. (some col.) ;
_c28 cm.
650 _aComputer graphics
_vCongresses
_918878
650 _aHuman-computer interaction
_xCongresses
_938915
906 _a0
_bibc
_corigres
_d2
_encip
_f20
_gy-gencatlg
942 _2ddc
_cBOOK
999 _c31695
_d266195